header

Noctium Atticarum (Record no. 210069)

MARC details
000 -LEADER
fixed length control field 01264nam a2200337 a 4500
100 1# - MAIN ENTRY--AUTHOR NAME
Personal name Gellius, Aulus.
245 10 - TITLE STATEMENT
Title Noctium Atticarum
250 ## - EDITION STATEMENT
Edition statement Editio stereotypa editionis prioris [1903].
260 ## - PUBLICATION, DISTRIBUTION, ETC. (IMPRINT)
Place of publication Stuttgart :
Name of publisher In aedibus B.G. Teubner,
Year of publication 1981.
300 ## - PHYSICAL DESCRIPTION
Number of Pages 372 p.
490 0# - SERIES STATEMENT
Series statement Noctium Atticarum ;
500 ## - GENERAL NOTE
General note Includes index.
650 #0 - SUBJECT ADDED ENTRY--TOPICAL TERM
Topical Term Latin essays.
700 1# - ADDED ENTRY--PERSONAL NAME
Personal name Hosius, Carl,
856 40 - ELECTRONIC LOCATION AND ACCESS
Uniform Resource Identifier http://site.ebrary.com/lib/rucke/Doc?id=10591318

No items available.

© 2026 Rongo University
Contact us: librarian | system librarian | Rongo university